|
|
|
|
| LEADER |
00000nab a2200000 a 4500 |
| 001 |
vtls010033463 |
| 003 |
SK-MaSNL |
| 005 |
20260303045445.0 |
| 008 |
140402c2009 xo mr|p|||||||000 b|slo |
| 015 |
|
|
|a SNBRB2009/11
|2 snkbucl
|
| 038 |
|
|
|a SNKBUCL
|
| 040 |
|
|
|a SNKBUCL
|b slo
|c SNKBUCL
|e AACR2
|
| 041 |
0 |
|
|a slo
|
| 044 |
|
|
|a xo
|c SK
|
| 080 |
|
|
|a 2-051
|2 2001
|
| 100 |
1 |
|
|a Kováčiková, M.
|4 aut
|4 ivr
|9 336910
|
| 245 |
1 |
0 |
|a "...mne také na cetě vedl Hospodin..."
|c M. Kováčiková, Ján Midriak
|
| 300 |
|
|
|b Fotogr.
|
| 600 |
1 |
7 |
|a Midriak, Ján,
|d 1929-2015
|2 snkbucl
|9 192221
|
| 655 |
|
7 |
|a rozhovory
|2 snkbucl
|9 31831
|
| 700 |
1 |
|
|a Midriak, Ján,
|d 1929-
|4 aut
|9 695740
|
| 773 |
0 |
|
|t Evanjelický posol spod Tatier
|g Roč. 99, č. 51-52 (2009), s. 24-26
|x 0139-87681
|
| 852 |
|
|
|a SNK
|b KIS3GCP
|
| 958 |
|
|
|a BX
|
| 999 |
|
|
|c 1703813
|d 1705743
|